ՀՀ Գիտությունների ազգային ակադեմիայի հիմնարար գիտական գրադարան  =   Fundamental Scientific Library of NAS RA

Профессионально-педагогическая направленность преподавания специальных дисциплин на музыкальных факультетах : (Record no. 288485)

MARC details
000 -LEADER
fixed length control field 01153nam a2200205 u 4500
001 - CONTROL NUMBER
control field 000790407
003 - CONTROL NUMBER IDENTIFIER
control field AM-YeHGA
005 - DATE AND TIME OF LATEST TRANSACTION
control field 20250617144137.0
008 - FIXED-LENGTH DATA ELEMENTS--GENERAL INFORMATION
fixed length control field 110221s1984 ||| r 000 0 rus d
040 ## - CATALOGING SOURCE
Original cataloging agency AM-YeHGA
041 0# - LANGUAGE CODE
Language code of text/sound track or separate title rus
090 ## - LOCALLY ASSIGNED LC-TYPE CALL NUMBER (OCLC); LOCAL CALL NUMBER (RLIN)
-- 290158
245 00 - TITLE STATEMENT
Title Профессионально-педагогическая направленность преподавания специальных дисциплин на музыкальных факультетах :
Remainder of title Межвузовский сборник научных трудов /
Statement of responsibility, etc. Казан. гос. пед. ин-т; Редкол.: Г.С. Кожевников и др.
260 ## - PUBLICATION, DISTRIBUTION, ETC.
Place of publication, distribution, etc. Казань :
Name of publisher, distributor, etc. КГПИ,
Date of publication, distribution, etc. 1984.
300 ## - PHYSICAL DESCRIPTION
Extent 182 с.
653 0# - INDEX TERM--UNCONTROLLED
Uncontrolled term Педагогические институты - Музыкально-педагогические факультеты - Организация преподавания
653 0# - INDEX TERM--UNCONTROLLED
Uncontrolled term Учителя музыки - Подготовка - Сборники
700 1# - ADDED ENTRY--PERSONAL NAME
Personal name Кожевников, Г.С.
Relator term ред.
Relationship edt
710 2# - ADDED ENTRY--CORPORATE NAME
Corporate name or jurisdiction name as entry element Казанский государственный педагогический институт
Holdings
Withdrawn status Lost status Damaged status Not for loan Collection Home library Current library Date acquired Total checkouts Full call number Barcode Date last seen Price effective from Koha item type Public note
        General Fundamental Scientific Library Fundamental Scientific Library 29/12/2016   PII/524894 FL0204048 29/12/2016 29/12/2016 Գրքեր / Books 30 Days Loan


ՀՀ ԳԱԱ հիմնարար գիտական գրադարան
ՀՀ,Երևան 0019
Մարշալ Բաղրամյան 24/6
հեռախոս:(374-10) 52-47-50
Հետադարձ կապ

All site content, except where otherwise noted, is licensed under a
Creative Commons License